Microeconometrics : (Record no. 1635)
[ view plain ]
| 000 -LEADER | |
|---|---|
| fixed length control field | 01527cam a2200181 a 4500 |
| 020 ## - INTERNATIONAL STANDARD BOOK NUMBER | |
| ISBN | 0521848059 (hardcover) |
| 020 ## - INTERNATIONAL STANDARD BOOK NUMBER | |
| ISBN | 9780521848053 |
| 050 00 - CALL NUMBER | |
| Classification number | HB172 |
| Item number | .C14 |
| 100 1# - AUTHOR | |
| Personal name | Cameron, Adrian Colin. |
| 245 10 - TITLE | |
| Title | Microeconometrics : |
| Remainder of title | methods and applications / |
| Statement of responsibility, etc | A. Colin Cameron, Pravin K. Trivedi. |
| 260 ## - PUBLICATION INFORMATION | |
| Place of publication | Cambridge ; |
| -- | New York : |
| Name of publisher | Cambridge University Press, |
| Year of publication | 2005. |
| 300 ## - DESCRIPTION | |
| Number of Pages | xxii, 1034 p. : |
| Other physical details | ill. ; |
| Dimensions | 27 cm. |
| 500 ## - NOTES | |
| General note | Includes tables. |
| 505 0# - FORMATTED CONTENTS NOTE | |
| Table of Content | 1. Overview -- 2. Causal and noncasual models -- 3. Microeconomic data structures -- 4. Linear models -- 5. Maximum likelihood and nonlinear least-squares estimation -- 6. Generalized method of moments and systems estimation -- 7. Hypothesis tests -- 8. Specification tests and model selection -- 9. Semiparametric methods -- 10. Numerical optimization -- 11. Bootstrap methods -- 12. Simulation-based methods -- 13. Bayesian methods -- 14. Binary outcome models -- 15. Multinomial models -- 16. Tobit and selection models -- 17. Transition data : survival analysis -- 18. Mixture models and unobserved heterogeneity -- 19. Models of multiple hazards -- 20. Models of count data -- 21. Linear panel models : basics -- 22. Linear panel models : extensions -- 23. Nonlinear panel models -- 24. Stratified and clustered samples -- 25. Treatment evaluation -- 26. Measurement error models -- 27. Missing data and imputation -- A. Asymptotic theory -- B. Making pseudo-random draws. |
| 650 #0 - SUBJECTS | |
| Topical Term | Microeconomics |
| 700 1# - OTHER AUTHORS | |
| Personal name | Trivedi, Pravin K. |
| 942 ## - ADDED ENTRY ELEMENTS (KOHA) | |
| Koha item type | Books |
| Withdrawn status | Lost status | Collection code | Home library | Current library | Shelving location | Date acquired | Full call number | Accession Number | Copy number | Koha item type |
|---|---|---|---|---|---|---|---|---|---|---|
| Reference | Methodist University Library Main | Methodist University Library Main | General Stacks | HB172 .C14 | 37908 | 1 | Books |